Filme erraten mit Bildern - Buchstabe J - Statistiken

Allgemein
  • Dieses Quiz wurde 453 mal gespielt
  • Das Durchschnittsergebnis liegt bei 6 aus 16
Antwortstatistiken
Bildquiz Antwort % Korrekt
Joker
98%
James Bond
97%
Jurassic Park
87%
John Wick
80%
Johnny English
60%
Jumanji
51%
Jojo Rabbit
28%
Judge Dredd
22%
Jack and the Giants
19%
Jarhead
17%
Junior
17%
Jackie Brown
15%
Jeepers Creepers - Reborn
12%
Jenseits von Afrika
12%
Joe's Apartment
7%
Jack allein im Serienwahn
2%
Keine übereinstimmenden Quizze gefunden
Verteilung der Resultate
Anzahl Personen mit jedem Resultat
Perzentil nach korrekt beantworteten Fragen
Ihre Resultats-Entwicklung
Sie haben dieses Quiz noch nicht gespielt